banner koha

Hydrosedimentological modeling in a headwater basin in Southeast Brazil (Registro n. 330697)

MARC details
000 -LÍDER
fixed length control field 03682nab a2200313 i 4500
003 - CÓDIGO MARC DA AGÊNCIA CATALOGADORA
Campo de controle BR-BrBNA
005 - DATA E HORA DA ÚLTIMA ATUALIZAÇÃO
Campo de controle 20250327105838.0
008 - CAMPO DE TAMANHO FIXO
fixed length control field 250327b2020 bl.ar|pooa||| 00| 0 eng |
040 ## - FONTE DA CATALOGAÇÃO
Agência catalogadora BR-BrBNA
Idioma da catalogação eng
072 ## - CATEGORIA AGRIS
Código AGRIS P36
100 ## - ENTRADA PRINCIPAL - NOME PESSOAL
Nome pessoal Mauri, Eliete Nazaré Eduardo
100 ## - ENTRADA PRINCIPAL - NOME PESSOAL
Nome pessoal Viola, Marcelo Ribeiro
100 ## - ENTRADA PRINCIPAL - NOME PESSOAL
Nome pessoal Norton, Lloyd Darrell
100 ## - ENTRADA PRINCIPAL - NOME PESSOAL
Nome pessoal Owens, Phillip Ray
100 ## - ENTRADA PRINCIPAL - NOME PESSOAL
Nome pessoal Mello, Carlos Rogério de
100 ## - ENTRADA PRINCIPAL - NOME PESSOAL
Nome pessoal Pinto, Leandro Campos
100 ## - ENTRADA PRINCIPAL - NOME PESSOAL
Nome pessoal Curi, Nilton
245 ## - TÍTULO PRINCIPAL
Título principal Hydrosedimentological modeling in a headwater basin in Southeast Brazil
500 ## - NOTA GERAL
Nota geral Publicação on-line; 7 illus; 5 tables; Sumaries (En); Bibliography p. 18 - 20
942 ## - ADDED ENTRY ELEMENTS (KOHA)
Koha item type Analítica
520 ## - NOTA DE RESUMO
Nota de conteúdo <br/><br/>ABSTRACT: Hydrosedimentological modeling is a useful tool to predict the water dynamic in a basin and for water resources management. This study aimed to i) evaluate the ability of Soil and Water Assessment Tool (SWAT) to model sediment load and continuous monthly streamflow in the Mortes River Basin (MRB) in Southeastern Brazil; ii) estimate the sediment yield spatially distributed by sub-basins; iii) estimate the sediment load export to the Funil Hydroelectric Power Plant reservoir (FHPP), located in the MRB outlet. For the sensitivity analysis, calibration, and uncertainty analysis of the model, a semi- utomatic calibration in SWAT-CUP version 5.1.6 software with the “Sequential Uncertainty Fitting” algorithm was used. To evaluate the ability of SWAT to reproduce the continuous MRB monthly streamflow and sediment load, statistical indexes, and graphical analyses were used to compare the simulated and observed data. For the sediment evaluation, a spatial and temporal comparison of sediment yield maps was used as well as the sediment yield observed in sub-basins, aiming to identify the areas with a more significant contribution to the sediment generation in the basin. The results demonstrated that SWAT performed satisfactorily in simulating both monthly sediment load and streamflow. For discharge calibration, 99 % of the measured data were bracketed by the 95 % prediction uncertainty (95PPU), and for validation, 97 % of the data were bracketed by the 95PPU, which indicates proper bracketing of the measured data within model prediction uncertainty. Uncertainty analysis indicated that 95PPU could capture 78 % of the sediment loads measured during the calibration and 72 % of the measured data during the validation period at MRB. The hydrologic response unit with pasture and Argissolos (Ultisols), Neossolos Litólicos (Entisols), and Cambissolos (Inceptisols) combined with undulated relief were the main areas responsible for the highest sediment contributions. The sediment load delivered to the reservoir from its filling 2002 to 2015 was estimated in 6,682,704 m3 (16,706,761 Mg) (density of 2.5-Mg m-3) which value corresponded to 2.6 % of storage capacity (water plus sediment) in 14 years. These results are strategic since to become feasible identifying priority areas for soil and water conservation practices as well as useful information for water resources planning and management in the studied basin.<br/><br/>Keywords: SWAT model, soil erosion, environmental management, sediment delivered.
650 ## - ASSUNTO - THESAGRO
Cabeçalho tópico ou nome geográfico RECURSO HÍDRICO
650 ## - ASSUNTO - THESAGRO
Cabeçalho tópico ou nome geográfico GESTÃO
650 ## - ASSUNTO - THESAGRO
Cabeçalho tópico ou nome geográfico EROSÃO DO SOLO
650 ## - ASSUNTO - THESAGRO
Cabeçalho tópico ou nome geográfico SEDIMENTO
773 0# - ENTRADA ANALÍTICA
Host Biblionumber 808
Registro do item 345421
Imprenta Viçosa-MG Sociedade Brasileira de Ciência do Solo 1977
Outro identificador 2024-5955
Título Revista Brasileira de Ciência do Solo (Brazil)
ISSN 0100-0683
Colação v. 44 p. 1-20 ; (2020)
Número de controle de registro BR2024005013
856 ## - ACESSO E ENDEREÇO ELETRÔNICO
Identificador uniforme de recurso - URI https://www.scielo.br/j/rbcs/a/855BLxqnTFvFf9vDKrS7V6g/?format=pdf&lang=en

Nenhum exemplar disponível.

BINAGRI

Telefone: (61)3218-2567/2388/3357/2097 - binagri@agro.gov.br

Ministério da Agricultura e Pecuária , Esplanada dos Ministérios, Bloco D, Anexo B, Brasília/DF, CEP: 70.043-900